<?xml version="1.0" encoding="UTF-8"?><?xml-stylesheet type="text/xsl" href="static/style.xsl"?><OAI-PMH xmlns="http://www.openarchives.org/OAI/2.0/" xmlns:xsi="http://www.w3.org/2001/XMLSchema-instance" xsi:schemaLocation="http://www.openarchives.org/OAI/2.0/ http://www.openarchives.org/OAI/2.0/OAI-PMH.xsd"><responseDate>2026-04-18T04:18:26Z</responseDate><request verb="GetRecord" identifier="oai:www.recercat.cat:10230/57069" metadataPrefix="marc">https://recercat.cat/oai/request</request><GetRecord><record><header><identifier>oai:recercat.cat:10230/57069</identifier><datestamp>2025-12-22T13:45:17Z</datestamp><setSpec>com_2072_6</setSpec><setSpec>col_2072_452952</setSpec></header><metadata><record xmlns="http://www.loc.gov/MARC21/slim" xmlns:dcterms="http://purl.org/dc/terms/" xmlns:xsi="http://www.w3.org/2001/XMLSchema-instance" xmlns:doc="http://www.lyncode.com/xoai" xsi:schemaLocation="http://www.loc.gov/MARC21/slim http://www.loc.gov/standards/marcxml/schema/MARC21slim.xsd">
   <leader>00925njm 22002777a 4500</leader>
   <datafield ind2=" " ind1=" " tag="042">
      <subfield code="a">dc</subfield>
   </datafield>
   <datafield ind2=" " ind1=" " tag="720">
      <subfield code="a">Cáceres Rivera, Diana Isabel, 1984-</subfield>
      <subfield code="e">author</subfield>
   </datafield>
   <datafield ind2=" " ind1=" " tag="720">
      <subfield code="a">Meneses, Karenth</subfield>
      <subfield code="e">author</subfield>
   </datafield>
   <datafield ind2=" " ind1=" " tag="720">
      <subfield code="a">Meneses, Karenth</subfield>
      <subfield code="e">author</subfield>
   </datafield>
   <datafield ind2=" " ind1=" " tag="720">
      <subfield code="a">Ramírez-Sarmiento, Alba</subfield>
      <subfield code="e">author</subfield>
   </datafield>
   <datafield ind2=" " ind1=" " tag="720">
      <subfield code="a">Domínguez, Clara</subfield>
      <subfield code="e">author</subfield>
   </datafield>
   <datafield ind2=" " ind1=" " tag="720">
      <subfield code="a">Bermon, Anderson</subfield>
      <subfield code="e">author</subfield>
   </datafield>
   <datafield ind2=" " ind1=" " tag="720">
      <subfield code="a">Figueredo, Antonio</subfield>
      <subfield code="e">author</subfield>
   </datafield>
   <datafield ind2=" " ind1=" " tag="720">
      <subfield code="a">Duarte, Rubén</subfield>
      <subfield code="e">author</subfield>
   </datafield>
   <datafield ind2=" " ind1=" " tag="720">
      <subfield code="a">Orozco-Levi, Mauricio</subfield>
      <subfield code="e">author</subfield>
   </datafield>
   <datafield ind2=" " ind1=" " tag="260">
      <subfield code="c">2023-06-06T06:24:37Z</subfield>
   </datafield>
   <datafield ind2=" " ind1=" " tag="260">
      <subfield code="c">2023-06-06T06:24:37Z</subfield>
   </datafield>
   <datafield ind2=" " ind1=" " tag="260">
      <subfield code="c">2016</subfield>
   </datafield>
   <datafield ind2=" " ind1=" " tag="520">
      <subfield code="a">Evaluar la presencia de las alteraciones en la fuerza muscular respiratoria en pacientes programados para la cirugía cardiovascular, el impacto de la cirugía sobre la función muscular respiratoria y su relación con las alteraciones ventilatorias en el postoperatorio mediato. Estudio observacional prospectivo. Se realizaron pruebas de funcionalismo respiratorio (espirometría) y pruebas de fuerza muscular respiratoria (inspiratoria: presión inspiratoria máxima y espiratoria: presión espiratoria máxima) en dos momentos: preoperatorio inmediato (2±1 días precirugía) y postoperatorio mediato (2±1 días, antes del alta). Las complicaciones respiratorias incluyeron: la ventilación mecánica prolongada, el tromboembolismo pulmonar, el neumotórax, el hemotórax, la neumonía, el derrame pleural, el edema pulmonar y las atelectasias. Se evaluaron 30 pacientes adultos (n=30) (62±12 años). En el preoperatorio la capacidad espirométrica disminuyó en un 54% (35% alteración obstructiva, 19% no-obstructiva) y la debilidad inspiratoria y espiratoria fue confirmada en un 67 y 100%, respectivamente. Las complicaciones respiratorias estuvieron presentes en un 93% (con mayor frecuencia la atelectasia y el derrame pleural). El deterioro postoperatorio grave de la presión inspiratoria máxima incrementó 10 veces el riesgo de atelectasia (OR=10, IC 95% 0,85-117,02; p=0,067). Al alta, la fracción de eyección del ventrículo izquierdo fue 29% menor, la capacidad vital forzada –32%, la presión inspiratoria máxima –32% y la presión espiratoria máxima –32% con respecto al valor inicial. Los pacientes llevados a la cirugía cardiovascular tienen una insospechada disfunción de los músculos respiratorios que empeora con la cirugía y la hospitalización, que se asocia a un incremento del riesgo de complicaciones respiratorias.</subfield>
   </datafield>
   <datafield tag="653" ind2=" " ind1=" ">
      <subfield code="a">Cirugía cardiaca</subfield>
   </datafield>
   <datafield tag="653" ind2=" " ind1=" ">
      <subfield code="a">Complicaciones</subfield>
   </datafield>
   <datafield tag="653" ind2=" " ind1=" ">
      <subfield code="a">Pulmón</subfield>
   </datafield>
   <datafield ind2="0" ind1="0" tag="245">
      <subfield code="a">Disfunción muscular respiratoria en pacientes llevados a cirugía cardiovascular</subfield>
   </datafield>
</record></metadata></record></GetRecord></OAI-PMH>